Famous Movies Fractured - Statistics

General Stats
  • This quiz has been taken 12,152 times
  • The average score is 11 of 18
Answer Stats
Hint Answer % Correct
Tack seed rife her Taxi Driver
93%
Hoe mall own Home Alone
89%
Clad he ate her Gladiator
85%
I'm Eric, imbue tea American Beauty
79%
A knee haul Annie Hall
69%
La rinse sieve array beer Lawrence of Arabia
69%
Summer lie kit tot Some Like it Hot
69%
Wrack we aim for age ream Requiem for a Dream
68%
Ray dissolve the law stark Raiders of the Lost Ark
65%
Dill eye inking The Lion King
56%
Hammer day yes Amadeus
55%
I claw quirk core inch A Clockwork Orange
51%
Dish horse Ankara damp shin The Shawshank Redemption
51%
Pant slapper rinse Pan's Labyrinth
50%
This island sieve dill amps The Silence of the Lambs
47%
Die lamb form herder Dial M for Murder
42%
A lake on fit end chill L.A. Confidential
37%
Different chicken egg shin The French Connection
28%
No matching quizzes found
Score Distribution
Percent of People with Each Score
Percentile by Number Answered
Your Score History
You have not taken this quiz